| 000 | 00616nam a22001695i 4500 | ||
|---|---|---|---|
| 001 | 54561 | ||
| 003 | ES-MaACL | ||
| 005 | 20230906162957.0 | ||
| 007 | t| | ||
| 008 | 960722s1873 xxk ||||1| eng d | ||
| 040 |
_aCAM _bspa _cCAM |
||
| 100 | 1 |
_aFreeman, Edward Augustus. _9154765 |
|
| 245 | 1 | 0 |
_aComparative politics _b: six lectures read before the Royal Institution in January and February 1873; with The unity of History ... / _cby Edward A. Freeman. |
| 260 |
_aLondon : _bMacmillan and co, _c1873 ( _fprinted by William Clowes and sons) |
||
| 300 |
_aVII, [2], 522 p. ; _c23 cm. |
||
| 852 |
_aES-MaACL _jG-11489 |
||
| 999 |
_c54561 _d54561 |
||